Catálogo público

Planificación institucional en la educación, un reto estrategico de cambio para los gerentes educativos innovadores/Felix Antonio Malagón Malagón (Record no. 209344)

MARC details
000 -CABECERA
campo de control de longitud fija 00819nam a2200241Ia 4500
001 - NÚMERO DE CONTROL
campo de control dia_3600
003 - IDENTIFICADOR DEL NÚMERO DE CONTROL
campo de control CHAP
005 - FECHA Y HORA DE LA ÚLTIMA TRANSACCIÓN
campo de control 20251021145443.0
008 - DATOS DE LONGITUD FIJA--INFORMACIÓN GENERAL
campo de control de longitud fija 220601s9999 xx 000 0 und d
020 ## - NÚMERO INTERNACIONAL ESTÁNDAR DEL LIBRO
Número Internacional Estándar del Libro 958-80-1787-4
040 ## - FUENTE DE LA CATALOGACIÓN
Centro/agencia transcriptor CHAP
082 ## - NÚMERO DE LA CLASIFICACIÓN DECIMAL DEWEY
Número de clasificación 370.2 M3
100 ## - ENTRADA PRINCIPAL--NOMBRE DE PERSONA
Nombre de persona Malagón Malagón, Felix Antonio
9 (RLIN) 175853
245 ## - MENCIÓN DE TÍTULO
Título Planificación institucional en la educación, un reto estrategico de cambio para los gerentes educativos innovadores/Felix Antonio Malagón Malagón
260 ## - PUBLICACIÓN, DISTRIBUCIÓN, ETC.
Lugar de publicación, distribución, etc. Bogota, Colombia: Panamericana
300 ## - DESCRIPCIÓN FÍSICA
Extensión 284 p.
500 ## - NOTA GENERAL
Nota general C/e
650 ## - PUNTO DE ACCESO ADICIONAL DE MATERIA--TÉRMINO DE MATERIA
Término de materia o nombre geográfico como elemento de entrada 1. Educación-Planificación2. Administración escolar3. Planificación educativaÌ
9 (RLIN) 175854
901 ## - ELEMENTOS DE DATOS A LOCAL LDA (RLIN)
a 370.2 M3
902 ## - ELEMENTOS DE DATOS B LOCAL, LDB (RLIN)
a M
905 ## - ELEMENTOS DE DATOS E LOCAL, LDE (RLIN)
a 0000002003 ck 0000000000spa00
942 ## - ELEMENTOS DE PUNTO DE ACCESO ADICIONAL (KOHA)
Tipo de ítem Koha Libro
Fuente del sistema de clasificación o colocación Dewey Decimal Classification
Holdings
Estado de retiro Estado de pérdida Fuente del sistema de clasificación o colocación Estado dañado No para préstamo Código de colección Localización permanente Ubicación/localización actual Ubicación en estantería Fecha de adquisición Total de préstamos Código de barras Fecha visto por última vez Número de copia Precio válido a partir de Tipo de ítem Koha
    Dewey Decimal Classification     General Ingenieria Agroindustrial Ingenieria Agroindustrial   01/06/2022   dia_6072 01/06/2022 1 01/06/2022 Libro